| 000 | 01014nac a22002411i 4500 | ||
|---|---|---|---|
| 003 | EG-ScBUE | ||
| 005 | 20240129141935.0 | ||
| 008 | 121016n19uu ua a f 000 0dara d | ||
| 040 |
_aEG-ScBUE _bara _erda _cEG-ScBUE _dEG-ScBUE |
||
| 043 | _af-ua--- | ||
| 082 | 0 | 4 |
_a962.04 _bس و د _222 |
| 100 | 1 |
_aسوداني، صالح علي عيسى، _eمؤلف. |
|
| 245 | 1 | 2 |
_aالأسرار السياسية لأبطال الثورة المصرية : _bوآراء الدكتور محجوب ثابت / _cصالح علي عيسى السوداني. |
| 264 | 1 |
_aالقاهرة : _bمكتبة فن الطباعة، _c[19--؟] |
|
| 300 |
_a400 صفحة : _bإيضاحيات ؛ _c24 سم |
||
| 336 |
_2rdacontent _aنص _btxt |
||
| 337 |
_aبدون وسيط _2rdamedia _bn |
||
| 338 |
_aمجلد _bnc _2rdacarrier |
||
| 600 | 1 | 7 |
_aثابت، محجوب. _2BUEsh |
| 651 | 7 |
_aمصر _xتاريخ _yالعصر الحديث _yالاحتلال البريطاني (1882-1956). _2BUEsh |
|
| 655 | _vReading book | ||
| 942 |
_cBB _2ddc |
||
| 999 |
_c7162 _d7162 |
||